Interventional Techniques in Uro-oncology / (رقم التسجيلة. 23062)

تفاصيل مارك
000 -الفاتح
حقل البيانات ثابتة الطول 04271cam a2200493 a 4500
001 - رقم الضبط
رقم الضبط 16579617
003 - محدد رقم الضبط
رقم الضبط OSt
005 - وقت وتاريخ اخر تعامل مع التسجيلة
رقم الضبط 20150408114033.0
008 - عناصر البيانات ثابتة الطول - معلومات عامة
حقل البيانات ثابتة الطول 101210t20112011enkaf b 001 0 eng
010 ## - رقم ضبط مكتبة الكونجرس
رقم ضبط مكتبة الكونجرس 2010052263
016 7# - رقم ضبط الوكاله الوطنية للضبط الببليوجرافي
رقم ضبط التسجيلة 101549449
المصدر DNLM
016 7# - رقم ضبط الوكاله الوطنية للضبط الببليوجرافي
رقم ضبط التسجيلة 015669099
المصدر Uk
020 ## - الرقم الدولى المعيارى للكتب
الرقم الدولى المعيارى للكتاب 9781405192729 (hardback : alk. paper)
020 ## - الرقم الدولى المعيارى للكتب
الرقم الدولى المعيارى للكتاب 1405192720 (hardback : alk. paper)
020 ## - الرقم الدولى المعيارى للكتب
الرقم الدولى المعيارى للكتاب 9781444329902 (ePDF)
020 ## - الرقم الدولى المعيارى للكتب
الرقم الدولى المعيارى للكتاب 1444329901 (ePDF)
020 ## - الرقم الدولى المعيارى للكتب
الرقم الدولى المعيارى للكتاب 9781444329896 (Wiley Online Library)
020 ## - الرقم الدولى المعيارى للكتب
الرقم الدولى المعيارى للكتاب 1444329898 (Wiley Online Library)
020 ## - الرقم الدولى المعيارى للكتب
الرقم الدولى المعيارى للكتاب 9781444329919 (ePub)
020 ## - الرقم الدولى المعيارى للكتب
الرقم الدولى المعيارى للكتاب 144432991X (ePub)
035 ## - رقم ضبط النظام
رقم ضبط النظام (OCoLC)ocn693512901
040 ## - مصدر الفهرسة
وكالة الفهرسة الأصلية DNLM/DLC
وكالة النسخ DLC
قواعد الوصف rda
وكالة التعديل YDX
-- BTCTA
-- YDXCP
-- NLM
-- UKMGB
-- DLC
050 00 - رقم طلب مكتبة الكونجرس
رقم التصنيف RD572
رقم المادة .I58 2011
060 00 - رقم الطلب بالمكتبة الطبية الوطنية
رقم التصنيف 2011 E-259
060 10 - رقم الطلب بالمكتبة الطبية الوطنية
رقم التصنيف WJ 160
082 00 - رقم تصنيف ديوى العشرى
رقم التصنيف 617.460597
رقم الطبعة 22
245 00 - بيان العنوان
العنوان Interventional Techniques in Uro-oncology /
بيان المسئوليه,etc Edited by Hashim Uddin Ahmed MRCS, BM, BCh(Oxon), BA(Hons), Medical Research Council Clinical Research Fellow, Specialist Registrar in Urology, Division of Surgery and Interventional Science, University College London, University College London Hospitals NHS Foundation Trust, London, UK, Manit Arya FRCS, FRCS(Urol), Fellow in Laparoscopic and Minimally Invasive Surgery, King's College Hospital, London, UK, Peter T. Scardino, M.D., The David H. Koch Chair, Chair, Department of Surgery and Head of Prostate Cancer Program, Memorial Sloan-Kettering Cancer Center, New York, USA, Mark Emberton MD FRCS (Urol), Professor of Interventional Oncology and Honorary Consultant Urologist, Division of Surgery and Interventional Science, University College London Hospitals NHS Foundation Trust, London, UK.
260 ## - PUBLICATION, DISTRIBUTION, ETC. (IMPRINT)
مكان الناشر او الموزع Oxford ;
-- Hoboken, NJ :
اسم الناشر او الموزع Wiley-Blackwell,
تاريخ النشر أو التوزيع 2011, ©2011.
300 ## - الوصف المادى
التعداد vii, 199 pages, [12] pages of color plates :
تفاصيل ماديه اخرى للوعاء illustrations ;
أبعاد الوعاء 26 cm.
504 ## - تبصرة ببليوجرافية
تبصرة ببليوجرافية,الخ Includes bibliographical references and index.
505 8# - تبصرة محتويات-الفهرس
تبصرة المحتويات المصاغة AMachine generated contents note: -- 1. Introduction: The Rationale for Minimally Invasive Interventional Techniques in Urological Cancer (Cole Davis, Matthew R. Cooperberg, Katsuto Shinohara, Peter R. Carroll). -- 2. Brachytherapy for Prostate Cancer (John Sylvester, Peter Grimm). -- 3. High Intensity Focused Ultrasound In Urologic Oncology (Markus Margreiter, Michael Marberger). -- 4. Prostate and Renal Cryotherapy (Chad Ritch, Aaron Katz, Hashim U Ahmed, Manit Arya) -- 5. Radiofrequency Ablation (Adam S. Feldman, Peter R. Mueller, W. Scott McDougal). -- 6. Photodynamic therapy (Caroline Moore, Stephen Bown, John Trachtenberg, Mark Emberton). -- 7. Perspectives on Nanotechnology (Aleksandar F. Radovic-Moreno, Kai P. Yuet, Robert S. Langer, Omid C. Farokhzad). -- Imaging in Urological Cancers: -- 8. The Role of Imaging in Diagnosis and Staging of Urologic Cancers: Magnetic Resonance Imaging (Jurgen J. Fütterer, Stijn T.W.P.J. Heijmijnk). -- 9. The Role of Imaging in Diagnosis and Staging of Urologic Cancers: Ultrasound, Computed Tomography and PET scanning (Jorge Rioja, Charalampos Mamoulakis, Stavros Gravas, Jean de la Rosette). -- 10. Imaging after Minimally-Invasive Interventions in Urological Cancers (Rowland Illing, Alex Kirkham).
520 ## - التبصرة الخاصة بالتعليق أو التلخيص
ملخص,الخ "As minimally invasive surgical techniques move into the mainstream of urological practice, this new reference will supply the answers clinicians need. An extremeley well-illustrated basic introduction to the science behind each of the techniques, the book also provides guidance on when and how to use them. Each technique chapter follows a standard format for ease of use and includes key points and references for further study"--Provided by publisher.
650 #0 - المدخل الاضافى بالموضوع-مصطلح موضوعى
مصطلح موضوعي أو اسم جغرافي كعنصر مدخل Genitourinary organs
التقسيم الفرعي العام Endoscopic surgery.
9 (RLIN) 13568
650 #0 - المدخل الاضافى بالموضوع-مصطلح موضوعى
مصطلح موضوعي أو اسم جغرافي كعنصر مدخل Laparoscopic surgery.
9 (RLIN) 13569
650 12 - المدخل الاضافى بالموضوع-مصطلح موضوعى
مصطلح موضوعي أو اسم جغرافي كعنصر مدخل Urologic Neoplasms
التقسيم الفرعي العام surgery.
9 (RLIN) 13570
650 12 - المدخل الاضافى بالموضوع-مصطلح موضوعى
مصطلح موضوعي أو اسم جغرافي كعنصر مدخل Urologic Surgical Procedures
التقسيم الفرعي العام methods.
9 (RLIN) 13571
650 22 - المدخل الاضافى بالموضوع-مصطلح موضوعى
مصطلح موضوعي أو اسم جغرافي كعنصر مدخل Surgical Procedures, Minimally Invasive
التقسيم الفرعي العام methods.
9 (RLIN) 13572
700 1# - المدخل الاضافى - اسم شخصى
الإسم الشخصى Ahmed, Hashim Uddin,
الدور editor.
9 (RLIN) 13573
700 1# - المدخل الاضافى - اسم شخصى
الإسم الشخصى Arya, Manit,
الدور editor.
9 (RLIN) 13574
700 1# - المدخل الاضافى - اسم شخصى
الإسم الشخصى Scardino, Peter T.,
التواريخ المصاحبة للاسم 1945-
الدور editor.
9 (RLIN) 13575
700 1# - المدخل الاضافى - اسم شخصى
الإسم الشخصى Emberton, Mark,
الدور editor.
9 (RLIN) 13576
942 ## - عناصر المدخل الإضافي( كوها)
مصدر التصنيف او مخطط الترفيف Dewey Decimal Classification
Koha [default] item type كتاب
المقتنيات
حالة الفقد نموذج السعر الفعال حالة تلف ليس للاعارة رقم الطلب تاريخ الاكتساب الموقع الحالي الباركود الفرع الرئيسي Date last seen نوع المادة فى نظام كوها مصدر التصنيف او خطة الترفيف Total Checkouts
  2013-03-10     617.460597 I N T 2012-05-10 مكتبة كلية العلوم الطبية التطبيقية بالمجمعة - طالبات (AMF) 00087071 مكتبة كلية العلوم الطبية التطبيقية بالمجمعة - طالبات (AMF) 2013-03-10 كتاب Dewey Decimal Classification  
  2013-03-10     617.460597 I N T 2012-05-10 مكتبة كلية العلوم الطبية التطبيقية بالمجمعة - طالبات (AMF) 00087072 مكتبة كلية العلوم الطبية التطبيقية بالمجمعة - طالبات (AMF) 2013-03-10 كتاب Dewey Decimal Classification  
  2013-03-10     617.460597 I N T 2012-05-10 مكتبة كلية العلوم الطبية التطبيقية بالمجمعة - طالبات (AMF) 00087073 مكتبة كلية العلوم الطبية التطبيقية بالمجمعة - طالبات (AMF) 2013-03-10 كتاب Dewey Decimal Classification  
  2013-03-10     617.460597 I N T 2012-05-10 مكتبة كلية العلوم الطبية التطبيقية بالمجمعة - طالبات (AMF) 00087075 مكتبة كلية العلوم الطبية التطبيقية بالمجمعة - طالبات (AMF) 2013-03-10 كتاب Dewey Decimal Classification  
  2013-03-10     617.460597 I N T 2012-05-10 مكتبة كلية العلوم الطبية التطبيقية بالمجمعة - طالبات (AMF) 00087076 مكتبة كلية العلوم الطبية التطبيقية بالمجمعة - طالبات (AMF) 2013-03-10 كتاب Dewey Decimal Classification  
  2013-03-10     617.460597 I N T 2012-05-10 مكتبة كلية العلوم الطبية التطبيقية بالمجمعة - طالبات (AMF) 00087074 مكتبة كلية العلوم الطبية التطبيقية بالمجمعة - طالبات (AMF) 2013-03-10 كتاب Dewey Decimal Classification